The effect of plastic flow in the neck on the scale levels of fracture in polycrystals. Experiment and modeling; Physical mesomechanics; Vol. 14, iss. 1-2

Bibliografiset tiedot
Parent link:Physical mesomechanics: Scientific Journal
Vol. 14, iss. 1-2.— 2011.— [P. 16-23]
Muut tekijät: Panin V. E. Viktor Evgenyevich, Balokhonov R. R. Ruslan Revovich, Derevyagina L. S., Romanova V. A.
Yhteenveto:Title screen
A multiscale approach to the study of the plastic flow evolution pattern in the neck of high-strength structural steel and submicrocry stalline armco iron and titanium specimens is used to describe the physical nature underlying the difference in the fracture mechanisms between these materials. An important role of local regions of bulk tension in micropore and crack formation and subsequent fracture of the materials is demonstrated by experiments and numerical simulations.
Режим доступа: по договору с организацией-держателем ресурса
Kieli:englanti
Julkaistu: 2011
Aiheet:
Linkit:http://dx.doi.org/10.1016/j.physme.2011.04.003
Aineistotyyppi: MixedMaterials Elektroninen Kirjan osa
KOHA link:https://koha.lib.tpu.ru/cgi-bin/koha/opac-detail.pl?biblionumber=641210

MARC

LEADER 00000naa0a2200000 4500
001 641210
005 20250314160747.0
035 |a (RuTPU)RU\TPU\network\6095 
090 |a 641210 
100 |a 20150513d2011 k||y0rusy50 ba 
101 1 |a eng 
102 |a US 
135 |a drnn ---uucaa 
181 0 |a i  
182 0 |a b 
200 1 |a The effect of plastic flow in the neck on the scale levels of fracture in polycrystals. Experiment and modeling  |f V. E. Panin [et al.] 
203 |a Text  |c electronic 
300 |a Title screen 
330 |a A multiscale approach to the study of the plastic flow evolution pattern in the neck of high-strength structural steel and submicrocry stalline armco iron and titanium specimens is used to describe the physical nature underlying the difference in the fracture mechanisms between these materials. An important role of local regions of bulk tension in micropore and crack formation and subsequent fracture of the materials is demonstrated by experiments and numerical simulations. 
333 |a Режим доступа: по договору с организацией-держателем ресурса 
461 |t Physical mesomechanics  |o Scientific Journal 
463 |t Vol. 14, iss. 1-2  |v [P. 16-23]  |d 2011 
610 1 |a труды учёных ТПУ 
610 1 |a электронный ресурс 
701 1 |a Panin  |b V. E.  |c Director of Russian materials science center  |c Research advisor of Institute of strength physics and materials science of Siberian branch of Russian Academy of Sciences  |f 1930-  |g Viktor Evgenyevich  |3 (RuTPU)RU\TPU\pers\26443  |9 12146 
701 1 |a Balokhonov  |b R. R.  |c physicist  |c senior researcher at Tomsk Polytechnic University  |f 1972-  |g Ruslan Revovich  |3 (RuTPU)RU\TPU\pers\34538  |9 17919 
701 1 |a Derevyagina  |b L. S. 
701 1 |a Romanova  |b V. A. 
801 1 |a RU  |b 63413507  |c 20120323 
801 2 |a RU  |b 63413507  |c 20150513  |g RCR 
856 4 0 |u http://dx.doi.org/10.1016/j.physme.2011.04.003 
942 |c CF